[Event "Le Touquet op-B 19th"]
[Site "Le Touquet"]
[Date "2004.10.29"]
[Round "7"]
[White "Karsenti, Madeleine"]
[Black "Melant, Andre"]
[Result "1-0"]
[WhiteElo "1460"]
[BlackElo "1600"]
[PlyCount "58"]
[EventDate "2004.10.25"]
[EventType "swiss"]
[EventRounds "9"]
[EventCountry "FRA"]
[SourceTitle "EXT 2006"]
[Source "ChessBase"]
[SourceDate "2005.11.24"]
[SourceVersion "1"]
[SourceVersionDate "2005.11.24"]
[SourceQuality "1"]

1. d4 d5 2. Nf3 Nf6 3. e3 c6 4. Nbd2 Nbd7 5. Bd3 e6 6. 0-0 Be7 7. Qe2 b5 8. e4 dxe4 9. Nxe4 Nd5 10. c3 N7f6 11. Bd2 a5 12. Rac1 Ba6 13. Ne5 Bb7 14. c4 Nb4 15. a3 Nxd3 16. Qxd3 b4 17. a4 0-0 18. h3 Nxe4 19. Qxe4 Qc8 20. Rfd1 Bd6 21. c5 Be7 22. Qg4 f6 23. Bh6 g6 24. Bxf8 Bxf8 25. Nf3 Qd7 26. Re1 Re8 27. Rcd1 Bg7 28. Qg3 Ba6 29. Qd6 Bb7 1-0

[Event "Le Touquet op-B 19th"]
[Site "Le Touquet"]
[Date "2004.10.27"]
[Round "2"]
[White "Melant, Andre"]
[Black "Dimart, Denis"]
[Result "0-1"]
[WhiteElo "1600"]
[BlackElo "1850"]
[PlyCount "64"]
[EventDate "2004.10.25"]
[EventType "swiss"]
[EventRounds "9"]
[EventCountry "FRA"]
[SourceTitle "EXT 2006"]
[Source "ChessBase"]
[SourceDate "2005.11.24"]
[SourceVersion "1"]
[SourceVersionDate "2005.11.24"]
[SourceQuality "1"]

1. e4 e5 2. Nf3 Nc6 3. Nc3 Nf6 4. Be2 Be7 5. d3 0-0 6. 0-0 d6 7. h3 h6 8. Be3 Nh7 9. Nh2 Bg5 10. f4 exf4 11. Bxf4 Nd4 12. Bg4 c6 13. Bxc8 Rxc8 14. Ne2 Nxe2+ 15. Qxe2 Qb6+ 16. Kh1 Bxf4 17. Rxf4 Qxb2 18. Rff1 Qe5 19. Nf3 Qh5 20. Qe3 c5 21. c4 b6 22. a4 f5 23. Nh2 Rce8 24. Qg3 fxe4 25. Rxf8+ Rxf8 26. dxe4 Qe2 27. Qxd6 Qxc4 28. Qd5+ Qxd5 29. exd5 Rd8 30. Rd1 Nf6 31. d6 Ne4 32. Nf3 Nf2+ 0-1